| 000 | 00812nam a2200229Ia 4500 | ||
|---|---|---|---|
| 001 | 8859 | ||
| 003 | GE_BSU | ||
| 008 | 181216s||||||||xx |||||||||||||| ||und|| | ||
| 040 | _cGE_BSU | ||
| 080 | _a821.353.1-31 | ||
| 100 | _aკაპანაძე,შოთა | ||
| 245 | _aგაზაფხულიდან შემოდგომამდე | ||
| 245 | _bრომანი | ||
| 245 | _cრედ. გ.გოქაძე, რ. ორჯონოკიძე. მხატვ. ნ. ლაფაჩი | ||
| 260 | _aთბილისი | ||
| 260 | _bსაბჭოთა საქართველო | ||
| 260 | _c1967 | ||
| 300 | _a227გვ.20სმ. | ||
| 653 | _aგაზაფხულიდან შემოდგომამდე | ||
| 653 | _aრომანი | ||
| 942 | _cBK | ||
| 999 |
_c42166 _d42166 |
||